000 01225cam a22003738a 4500
001 4492
003 FISKH
005 20260324160014.0
008 080812s2009 nyu c 000 1 eng
010 _a 2008030158
020 _a9780545030359
020 _a0545030358
020 _a9780545286749
040 _aDLC
_cDLC
_dDLC
_beng
050 _aPZ7.L9673
082 _a813.6
100 1 _aLowry, Lois.
245 1 0 _aCrow call /
_cLois Lowry ; illustrations by Bagram Ibatoulline.
250 _aFirst Scholastic paperback printing, October 2010
260 _aNew York :
_bScholastic,
_c2009.
300 _a30 unnumbered pages :
_bcolor illustrations ;
_c23 cm
505 _aR
520 _aNine-year-old Liz accompanies the stranger who is her father, just returned from the war, when he goes hunting for crows in Pennsylvania farmland.
521 8 _a750
_bLexile AD
521 8 _aR
_bRaz-Plus
650 1 _aFathers and daughters
_vFiction.
650 1 _aHunting
_vFiction.
650 1 _aCrows
_vFiction.
651 1 _aPennsylvania
_vFiction.
700 1 _aIbatoulline, Bagram,
_eillustrator
906 _a7
_brix
_corignew
_d1
_eecip
_f20
_gy-gencatlg
942 _2ddc
_cBK
_n0
999 _c4492
_d4492